| 000 -ლიდერი |
| ფიქსირებული სიგრძის საკონტროლო ველი |
01349nam a22002297a 4500 |
| 003 - საკონტროლო ნომრის იდენტიფიკატორი |
| საკონტროლო ველი |
Ge_BSU |
| 005 - ბოლო ოპერაციის თარიღი და დრო |
| საკონტროლო ველი |
20240613115409.0 |
| 008 - ფიქსირებული სიგრძის მონაცემთა ელემენტები - ზოგადი ინფორმაცია |
| ფიქსირებული სიგრძის საკონტროლო ველი |
240613s1962 ge ||||| |||| 00| 0 geo d |
| 041 ## - ენის კოდი |
| Language code of text/sound track or separate title |
geo |
| 080 ## - უნივერსალური ათობითი კლასიფიკაციის ინდექსი |
| Universal Decimal Classification number |
378.661(479.22)(09)+61(479.22)(09) უ-41 |
| 245 ## - ცნობა სათაურის შესახებ |
| Title |
უმაღლესი სამედიცინო განათლება საბჭოთა საქართველოში / |
| Statement of responsibility, etc |
პ. გელბახიანი, მ. სააკაშვილი, ი. ტატიშვილი, ი. მენთეშაშვილი, გ. კვიტაშვილი. |
| 264 ## - წარმოების, გამოცემის, დისტრიბუციის და სხვა ცნობები |
| გამოცემის, წარმოების, დისტრიბუციის... ადგილი |
თბ. : |
| გამოცემის, წარმოების, დისტრიბუციის... სახელწოდება |
საბჭ. საქართველო, |
| გამოცემის, წარმოების, დისტრიბუციის... თარიღი |
1962. |
| 300 ## - ფიზიკური აღწერა |
| Extent |
435 გვ. : |
| Other physical details |
4ფ. ილ. ; |
| Dimensions |
22 სმ. |
| 653 ## - INDEX TERM--UNCONTROLLED |
| Uncontrolled term |
უმაღლესი სამედიცინო განათლება საქართველოში |
| 653 ## - INDEX TERM--UNCONTROLLED |
| Uncontrolled term |
მედიცინა |
| 700 ## - ADDED ENTRY--PERSONAL NAME |
| Personal name |
გელბახიანი, პ. |
| Relator term |
ავტორი |
| 9 (RLIN) |
22358 |
| 700 ## - ADDED ENTRY--PERSONAL NAME |
| Personal name |
სააკაშვილი, მ. |
| Relator term |
ავტორი |
| 9 (RLIN) |
22413 |
| 700 ## - ADDED ENTRY--PERSONAL NAME |
| Personal name |
ტატიშვილი, ი. |
| Relator term |
ავტორი |
| 9 (RLIN) |
3867 |
| 700 ## - ADDED ENTRY--PERSONAL NAME |
| Personal name |
მენთეშაშვილი, ი. |
| Relator term |
ავტორი |
| 9 (RLIN) |
22414 |
| 700 ## - ADDED ENTRY--PERSONAL NAME |
| Personal name |
კვიტაშვილი, გ. |
| Relator term |
ავტორი |
| 9 (RLIN) |
22415 |
| 942 ## - ADDED ENTRY ELEMENTS (KOHA) |
| Source of classification or shelving scheme |
|
| Koha item type |
წიგნი |